01282nam a22002774a 4500001001200000003000800012006001900020007001500039008004100054010001700095020001500112040002100127035002100148050002400169110007500193245025600268260005400524300003500578533015200613650001700765650003300782655002900815710001700844856012600861999001700987ebr10051670CaPaEBRm u cr cn|||||||||990921s1999 dcua s 000 0 eng  z 99067388  z0309066352 aCaPaEBRcCaPaEBR a(OCoLC)61460576514aQC178b.N315 1999eb2 aNational Research Council (U.S.).bCommittee on Gravitational Physics.10aGravitational physicsh[electronic resource] :bexploring the structure of space and time /cCommittee on Gravitational Physics, Board on Physics and Astronomy, Commission on Physical Sciences, Mathematics, and Applications, National Research Council. aWashington, DC :bNational Academy Press,cc1999. axi, 114 p. :bill. (some col). aElectronic reproduction.bPalo Alto, Calif. :cebrary,d2013.nAvailable via World Wide Web.nAccess may be limited to ebrary affiliated libraries. 0aGravitation. 0aGeneral relativity (Physics) 7aElectronic books.2local2 aebrary, Inc.40uhttp://site.ebrary.com/lib/rucke/Doc?id=10051670zAn electronic book accessible through the World Wide Web; click to view c67112d67112